000
00279nam a22001217a 4500
003
SGT
082
_a
618.1
_b
P83K
100
_a
KASE,NATHAN G
245
_a
PRINCIPLES AND PRACTICE OF CLINICAL GYNECOLOGY
260
_a
NEWYORK
_b
JOHN WILLY
_c
1983
300
_a
1099
942
_2
ddc
_c
BK
999
_c
14036
_d
14036